Statystyki dla Kogo to numer - polski rap #6

Kliknij tutaj aby rozwiązać quiz!

Ogólne statystyki

  • Ten quiz został rozwiązany 30 razy
  • Średni wynik to 5 z 10

Statystyki odpowiedzi

HintOdpowiedź% Poprawnych
PawReto
76%
Młody 2PacSzpaku
76%
to ostatni raz gdy jadę nad bałtykChivas
69%
BezprawieLipa
62%
PeelingPaluch
59%
Dziewczyna z BibliotekiKukon
48%
EverestZeamsone | M0LLY
45%
WMTBOIO
41%
PanameraGedz
38%
FlateraKuban
21%

Rozkład punktacji

Percentyl według liczby udzielonych odpowiedzi

Procent ludzi z każdym wynikiem

Twoja historia wyników

Nie rozwiązałeś tego quizu